Vliv automobilové dopravy na životní prostředí ve městech Snahy o snižování hladiny dopravního hluku
Salvato in:
| Autore principale: | |
|---|---|
| Natura: | Libro |
| Lingua: | ceco |
| Pubblicazione: |
Praha
Ústředí vědeckých, technických a ekonomických informací
1988
|
| Soggetti: | |
| Tags: |
Nessun Tag, puoi essere il primo ad aggiungerne!!
|
MARC
| LEADER | 00000nam a2200000 4500 | ||
|---|---|---|---|
| 001 | c036183 | ||
| 005 | 20251204113431.8 | ||
| 041 | 0 | |a cze | |
| 044 | |a CZ | ||
| 245 | 1 | 0 | |a Vliv automobilové dopravy na životní prostředí ve městech |b Snahy o snižování hladiny dopravního hluku |c Jiří Laurent |
| 264 | 1 | |a Praha |b Ústředí vědeckých, technických a ekonomických informací |c 1988 | |
| 300 | |a 56 s. | ||
| 610 | 2 | 0 | |a doprava automobilová |
| 610 | 2 | 0 | |a prostredie životné |
| 610 | 2 | 0 | |a mestá |
| 610 | 2 | 0 | |a hluk |
| 100 | 1 | |a Laurent, Jiří | |